00942nam a2200229 a 4500001001000000003000500010005001700015008004100032010001100073011001100084040000900095100004300104245018300147260004100330500006000371502009600431650003300527650003500560650002200595650002500617856007000642000114033CHAP20220329144424.0171023s2017 mx sm |||||||spa d a110494 a111466 cCHAP1 aOrdoñez Rodríguez, Mitzi Yamilleth10aHuella hídrica física y económica de la leche bovina del sistema especializado del DR005 Delicias, Chihuahua, Méxicoh[En línea]cMitzi Yamilleth Ordoñez Rodríguez. aChapingo, Méx. :bEl autor,c2017. aPara ver el contenido del material haga clic en la liga aTesis (Ing. en Sistemas Pecuarios) -- UACH. Unidad Regional Universitaria de Zonas Áridas14aConsumo de aguaxMedición.14aLechexCostos de producción.14aLechexProcesado.14aLechexProducción. aFinding aiduhttp://10.13.5.2/tesis/sist114033.pdfzTeclea aquí